La mythologie
-д хадгалсан:
| Формат: | Ном |
|---|---|
| Хэл сонгох: | франц |
| Хэвлэсэн: |
París
Hachette
1924
|
| Цуврал: | Encyclopédie par L'image. Histoire la mythologie
|
| Нөхцлүүд: | |
| Шошгууд: |
Шошго нэмэх
Шошго байхгүй, Энэхүү баримтыг шошголох эхний хүн болох!
|
MARC
| LEADER | 00000nam a2200000 a 4500 | ||
|---|---|---|---|
| 001 | UCZ5402 | ||
| 003 | CL-VaPUC | ||
| 008 | 951117e19240000FR |||||||||||||||||fre|d | ||
| 082 | 0 | 4 | |a 291.1 |b LAM |2 21 |
| 245 | 1 | 3 | |a La mythologie |
| 300 | |a 64 p | ||
| 942 | |c BK | ||
| 945 | |d 19951117 00:00:00 |a lriquelm | ||
| 260 | |a París |b Hachette |c 1924 | ||
| 650 | 0 | |a Mitología |9 255719 | |
| 650 | 0 | |a Creencia Religiosa |9 316904 | |
| 650 | 0 | |a Historia |9 255047 | |
| 650 | 7 | |a LEYENDAS |2 CL-VaPUC |9 265258 | |
| 583 | |a last modification |c 19951117 00:00:00 |k Rodrigo Vera | ||
| 490 | 0 | |a Encyclopédie par L'image. Histoire la mythologie | |
| 999 | |c 241720 |d 241718 | ||
| 952 | |0 0 |1 0 |4 0 |6 291_100000000000000_LAM_1924 |7 0 |8 P |9 254153 |a BIBEDU |b BIBEDU |c BIBEDU_PB |d 2019-11-19 |i 1575414 |o 291.1 LAM 1924 |p 1575414 |r 2024-01-25 |w 2019-11-19 |y BK |k FIL | ||